The Forms of water in clouds & rivers, ice & glaciers. With thirty-five illustrations drawn and engraved under the direction of the author
Gespeichert in:
| 1. Verfasser: | |
|---|---|
| Format: | Buch |
| Sprache: | Englisch |
| Veröffentlicht: |
Londres
C. Kegan Paul & Co., 1 Paternoster Square
1876
|
| Ausgabe: | 4a. ed |
| Schlagworte: | |
| Tags: |
Tag hinzufügen
Keine Tags, Fügen Sie den ersten Tag hinzu!
|
MARC
| LEADER | 00000nam a2200000 a 4500 | ||
|---|---|---|---|
| 001 | UCJ7012 | ||
| 003 | CL-VaPUC | ||
| 008 | 070124e18760419UK |||||||||||||||||eng|d | ||
| 082 | 0 | 4 | |a 503 |b TYN |2 21 |
| 100 | 0 | |a Tyndall, John |e author |9 514837 | |
| 245 | 1 | 4 | |a The Forms of water in clouds & rivers, ice & glaciers. With thirty-five illustrations drawn and engraved under the direction of the author |
| 250 | |a 4a. ed | ||
| 300 | |a ix, 192 p | ||
| 942 | |c BK | ||
| 945 | |d 20070124 00:00:00 |a rinostro | ||
| 260 | |a Londres |b C. Kegan Paul & Co., 1 Paternoster Square |c 1876 | ||
| 500 | |a Front.: Retrato del autor, grabado.- Ilustraciones sin indizar | ||
| 650 | 0 | |a Agua |9 257149 | |
| 650 | 7 | |a METEOROLOGIA |2 CL-VaPUC |9 260030 | |
| 650 | 7 | |a LLUVIAS |2 CL-VaPUC |9 514838 | |
| 650 | 7 | |a GLACIARES |2 CL-VaPUC |9 330909 | |
| 650 | 0 | |a Iconografía |9 267998 | |
| 650 | 0 | |a Ilustraciones |9 369481 | |
| 650 | 7 | |a HIDROGRAFIA |2 CL-VaPUC |9 261115 | |
| 650 | 0 | |a Erosión |9 262782 | |
| 583 | |a last modification |c 20070124 00:00:00 |k Rodrigo Vera | ||
| 999 | |c 323114 |d 323112 | ||
| 952 | |0 0 |1 0 |4 0 |6 503_000000000000000_TYN_1876 |7 0 |8 X |9 402430 |a FDOBUD |b FDOBUD |d 2019-11-22 |i 102079K |o 503 TYN 1876 |p 102079K |r 2019-11-22 |w 2019-11-22 |y BK_X |k BUD | ||